Impeler/ (Record no. 4175)

MARC details
000 -LEADER
campo de control de longitud fija 01226nam a22003137a 4500
003 - IDENTIFICADOR DE NÚMERO DE CONTROL
campo de control OSt
005 - FECHA Y HORA DE LA ÚLTIMA TRANSACCIÓN
campo de control 20230823073859.0
008 - DATOS DE LONGITUD FIJA--INFORMACIÓN GENERAL
campo de control de longitud fija 221006b |||||||| |||| 00| 0 eng d
040 ## - FUENTE DE CATALOGACIÓN
Centro/agencia transcriptor Biblioteca Lado V
082 ## - NÚMERO DE LA CLASIFICACIÓN DECIMAL DEWEY
Número de clasificación 702.87
Número de ítem F825i
100 ## - ENTRADA PRINCIPAL--NOMBRE DE PERSONA
9 (RLIN) 954
Nombre de persona Franco, Douglas
Término indicativo de función/relación director
245 ## - MENCIÓN DEL TÍTULO
Título Impeler/
Resto del título Revista Artística y Técnica/
260 ## - PUBLICACIÓN, DISTRIBUCIÓN, ETC.
Fecha de publicación, distribución, etc. 1999
Lugar de publicación, distribución, etc. Guatemala
Nombre del editor, distribuidor, etc. Alpha Publicidad
300 ## - DESCRIPCIÓN FÍSICA
Dimensiones 21x28.5cm
Extensión 16p.
490 ## - MENCIÓN DE SERIE
Mención de serie 1
505 ## - NOTA DE CONTENIDO CON FORMATO
Mención de responsabilidad Efrain Recinos
Título Pinceladas y color
505 ## - NOTA DE CONTENIDO CON FORMATO
Mención de responsabilidad Ballet Tuchan
Título Cuerpos en movimiento
505 ## - NOTA DE CONTENIDO CON FORMATO
Mención de responsabilidad Luiz Tuchan
Título Magia sobre Escenario
505 ## - NOTA DE CONTENIDO CON FORMATO
Mención de responsabilidad Miguel Angel Asturias
Título Autoretrato
505 ## - NOTA DE CONTENIDO CON FORMATO
Título Extinción y la Toba: Una explosión musical en Guatemala
505 ## - NOTA DE CONTENIDO CON FORMATO
Título ECOLOGIA: Conceptos básicos te gustaría ser un activista ecológico?
505 ## - NOTA DE CONTENIDO CON FORMATO
Título CULTURALES: Tus paginas, especialmente para ti
505 ## - NOTA DE CONTENIDO CON FORMATO
Título AREA TECNICA: Un chivito para tu habilidad artística
650 ## - PUNTO DE ACCESO ADICIONAL DE MATERIA--TÉRMINO DE MATERIA
Fuente del encabezamiento o término Tesauro de Arte & Arquitectura
Término de materia o nombre geográfico como elemento de entrada ARTE
9 (RLIN) 703
650 ## - PUNTO DE ACCESO ADICIONAL DE MATERIA--TÉRMINO DE MATERIA
Fuente del encabezamiento o término Tesauro de Arte & Arquitectura
Término de materia o nombre geográfico como elemento de entrada TECNICA
650 ## - PUNTO DE ACCESO ADICIONAL DE MATERIA--TÉRMINO DE MATERIA
Fuente del encabezamiento o término Tesauro de Arte & Arquitectura
Término de materia o nombre geográfico como elemento de entrada INSTRUMENTALIZACION
650 ## - PUNTO DE ACCESO ADICIONAL DE MATERIA--TÉRMINO DE MATERIA
Fuente del encabezamiento o término Tesauro de Arte & Arquitectura
Término de materia o nombre geográfico como elemento de entrada ANALISIS
942 ## - ELEMENTOS DE ENTRADA SECUNDARIOS (KOHA)
Fuente del sistema de clasificación o colocación Clasificación Decimal Dewey
Tipo de ítem Koha Libros
Parte de la signatura que corresponde a la clasificación (Parte de la clasificación) 702.87
Parte de la signatura que identifica el ejemplar (Parte del ítem) F825i
Suprimir en OPAC No
Holdings
Estatus retirado Estado de pérdida Fuente del sistema de clasificación o colocación Especificación de materiales (volumen encuadernado u otra parte) Estado de daño No para préstamo Colección Biblioteca de origen Biblioteca actual Fecha de adquisición Enumeración/cronología de publicación seriada Número de inventario Total de préstamos Signatura topográfica completa Código de barras Visto por última vez Precio de reemplazo Tipo de ítem Koha
    Clasificación Decimal Dewey 1999     Revistas Biblioteca LadoV Biblioteca LadoV 23/08/2023 1 003423   702.87 F825i 003423 23/08/2023 23/08/2023 Libros